Best NBA Starting Lineups By Dunker - Statistics

General Stats
  • This quiz has been taken 17 times
  • The average score is 45 of 150
Answer Stats
Hint Answer % Correct
SG Dominique Wilkins
75%
C DeAndre Jordan
69%
SF | SG Julius Erving
69%
SG Michael Jordan
69%
SG Austin Carr
63%
Sacramento KingsPG Devin Carter
63%
PF | SF LeBron James
63%
SF Scottie Pippen
63%
C Shaquille O'Neal
63%
Brooklyn NetsPG | SG Vince Carter
63%
Chicago BullsPG Derrick Rose
56%
SG Dwyane Wade
56%
SF Jalen Johnson
56%
C Jalen Smith
56%
Washington WizardsPG John Wall
56%
PF Josh Smith
56%
PF Kevin Durant
56%
C Kevin Garnett
56%
SG Kobe Bryant
56%
PF Blake Griffin
50%
Boston CelticsPG Dee Brown
50%
PF Giannis Antetokounmpo
50%
SF Glenn Robinson
50%
C Jalen Duren
50%
SF Jaylen Brown
50%
SG Marques Johnson
50%
Oklahoma City ThunderPG Russell Westbrook
50%
Atlanta HawksPG Spud Webb
50%
PF Aaron Gordon
44%
SG Anthony Edwards
44%
SF Clyde Drexler
44%
C Dwight Howard
44%
Phoenix SunsPG Jalen Green
44%
Memphis GrizzliesPG Ja Morant
44%
PF Jayson Tatum
44%
SG Paul George
44%
Orlando MagicPG Penny Hardaway
44%
C Shawn Kemp
44%
SG Zach LaVine
44%
C | PF Anthony Davis
38%
C Antonio Davis
38%
Charlotte HornetsPG | Golden State WarriorsPG | New Orleans PelicansPG Baron Davis
38%
C Bill Russell
38%
SF DeMar Derozan
38%
PF | SF Grant Hill
38%
PF Kawhi Leonard
38%
C Moses Malone
38%
C Robert Williams III
38%
SG | Toronto RaptorsPG Tracy McGrady
38%
SG Walter Davis
38%
Milwaukee BucksPG Andre Jackson Jr.
31%
PF Billy Cunningham
31%
SG Bradley Beal
31%
SG Derrick Jones Jr.
31%
Cleveland CavaliersPG | Utah JazzPG Donovan Mitchell
31%
Denver NuggetsPG Jamal Murray
31%
PF James Worthy
31%
C Jaren Jackson Jr.
31%
PF Kenyon Martin Jr.
31%
Indiana PacersPG Quenton Jackson
31%
SF Richard Jefferson
31%
SG Tony Allen
31%
C Wes Unseld
31%
PF Zion Williamson
31%
SF Alex English
25%
SG Amen Thompson
25%
SF Ausar Thompson
25%
SF Brandon Miller
25%
PF Chris Webber
25%
SG David Thompson
25%
SG George Gervin
25%
SG Jerry Stackhouse
25%
C Mel Daniels
25%
C Victor Wembanyama
25%
SF Adrian Dantley
19%
PF Andrew Wiggins
19%
SF Bernard King
19%
C DeMarcus Cousins
19%
PF Elvin Hayes
19%
PF | SF Larry Nance
19%
SF Latrell Sprewell
19%
PF Miles Bridges
19%
Portland Trail BlazersPG Scoot Henderson
19%
SF Trey Murphy III
19%
C Amar'e Stoudamire
13%
SG Anfernee Simons
13%
Philadelphia 76ersPG Ben Simmons
13%
PF Danny Granger
13%
C Derrick Lively II
13%
C Evan Mobley
13%
Minnesota TimberwolvesPG Isaiah Rider
13%
SG Jason Richardson
13%
SF John Collins
13%
SF Mark Aguirre
13%
SG Michael Finley
13%
New York KnicksPG Michael Ray Richardson
13%
C Nate Thurmond
13%
PF Paolo Banchero
13%
SG Shaedon Sharpe
13%
San Antonio SpursPG Stephon Castle
13%
PF Willis Reed
13%
SF Xavier McDaniels
13%
SG Darrel Griffith
6%
PF Jerome Kersey
6%
SF Larry Kenon
6%
PF Matas Buzelis
6%
SF Obi Toppin
6%
SG OG Anunoby
6%
C Onyeka Okongwu
6%
SF Rudy Gay
6%
PF Spencer Haywood
6%
Houston RocketsPG Steve Francis
6%
SG V.J. Edgecombe
6%
C Antonio McDyess
0%
SF Bilal Coulibaly
0%
Dallas MavericksPG Jaden Hardy
0%
Detroit PistonsPG Jaden Ivey
0%
SF Jaime Jaquez Jr.
0%
C Jericho Sims
0%
SF Jonathan Kuminga
0%
C Kel'el Ware
0%
SG Kendall Gill
0%
SG Luguentz Dort
0%
C Mason Plumlee
0%
SG Micah Peavy
0%
Los Angeles LakersPG Michael Cooper
0%
C Noah Clowney
0%
Miami HeatPG Norman Powell
0%
PF Olivier-Maxence Prosper
0%
C Thurl Bailey
0%
PF Tom Chambers
0%
Los Angeles ClippersPG World B. Free
0%
No matching quizzes found
Score Distribution
Percent of People with Each Score
Percentile by Number Answered
Your Score History
You have not taken this quiz